Textbook of Fabric Science Fundamentals to Finishing (Record no. 12819)

MARC details
000 -LEADER
fixed length control field 00438nam a22001697a 4500
003 - CONTROL NUMBER IDENTIFIER
control field OSt
008 - FIXED-LENGTH DATA ELEMENTS--GENERAL INFORMATION
fixed length control field 240805b |||||||| |||| 00| 0 eng d
020 ## - INTERNATIONAL STANDARD BOOK NUMBER
International Standard Book Number 9789391818692
082 ## - DEWEY DECIMAL CLASSIFICATION NUMBER
Classification number 677.028 SET
100 ## - MAIN ENTRY--PERSONAL NAME
Personal name SEKHRI, Seema
245 ## - TITLE STATEMENT
Title Textbook of Fabric Science Fundamentals to Finishing
250 ## - EDITION STATEMENT
Edition statement 4th. ed.,
260 ## - PUBLICATION, DISTRIBUTION, ETC. (IMPRINT)
Place of publication, distribution, etc Delhi,
Name of publisher, distributor, etc PHI Learning Private Limited,
Date of publication, distribution, etc 2024,
300 ## - PHYSICAL DESCRIPTION
Extent 333 p.
650 ## - SUBJECT ADDED ENTRY--TOPICAL TERM
Topical term or geographic name as entry element B.FAD.
942 ## - ADDED ENTRY ELEMENTS (KOHA)
Source of classification or shelving scheme Dewey Decimal Classification
Koha item type Text Books
Holdings
Withdrawn status Lost status Source of classification or shelving scheme Damaged status Not for loan Collection code Home library Current library Date acquired Source of acquisition Currency Cost, normal purchase price Bill Number Total Checkouts Full call number Acc. no. / Barcode Date last seen Actual Cost, discounted price Bill Date Koha item type Date last borrowed
    Dewey Decimal Classification     Bachelor of Fashion and Apparel Design PIET NCR College Library PIET NCR College Library 27/07/2024 Zafaa Books & Distributers In Rupees 595.00 ZBD0114   677.028 SET N3717 05/08/2024 446.25 27/07/2024 Reference Books  
    Dewey Decimal Classification     Bachelor of Fashion and Apparel Design PIET NCR College Library PIET NCR College Library 27/07/2024 Zafaa Books & Distributers In Rupees 595.00 ZBD0114 1 677.028 SET N3718 01/01/2026 446.25 27/07/2024 Text Books 05/08/2024

Design & Developed by: PIET Central Library
R70 Miles Stone Pattikalyana Samalkha Panipat 132102
mail ID :- [email protected], Phone No:- 0180-2569700 Ex.216